Người Khmer ở Nam Bộ, Việt Nam = The Khmer in the South of Vietnam

Tìm hiểu nguồn gốc lịch sử, bản sắc văn hoá, phong tục lễ hội của dân tộc Khơ Me ở Nam Bộ

Sparad:
Bibliografiska uppgifter
Övriga upphovsmän: Đặng Thị Kim Oanh (b.s.), Nguyễn Khắc Cảnh (b.s.), Vũ Quốc Khánh (ch.b.), Phạm Ngọc Tuân (b.s.), Lê Thị Mỹ Dung (b.s.), Phạm Đình An (dịch), Johnson, Pete (h.đ.)
Materialtyp: Fotografi Bok
Språk:Vietnamese
Publicerad: H. Thông tấn 2012
Ämnen:
Taggar: Lägg till en tagg
Inga taggar, Lägg till första taggen!
Thư viện lưu trữ: Mạng thư viện Đại học Đà Nẵng
LEADER 01942akm a22005058a 4500
001 000018163
003 14590
005 20130913090900.0
008 130913s2012 viesd
020 |d 500b 
041 0 |a vie 
082 1 4 |2 14  |a 305.895932  |b Ngư 
242 |a The Khmer in the South of Vietnam 
245 0 0 |a Người Khmer ở Nam Bộ, Việt Nam  |b = The Khmer in the South of Vietnam  |c B.s.: Vũ Quốc Khánh (ch.b.), Nguyễn Khắc Cảnh, Đặng Thị Kim Oanh... ; Phạm Đình An dịch ; Pete Johnson h.đ. 
260 |a H.  |b Thông tấn  |c 2012 
300 |a 187 tr.  |b ảnh  |c 20 cm. 
520 |a Tìm hiểu nguồn gốc lịch sử, bản sắc văn hoá, phong tục lễ hội của dân tộc Khơ Me ở Nam Bộ 
546 |a Chính văn bằng 2 thứ tiếng: Việt - Anh 
600 |1 7 
650 0 4 |a Dân tộc Khmer  |x Dân tộc thiểu số  |z Nam bộ, Việt Nam 
650 7 |2 Bộ TK TVQG 
650 7 |2 Bộ TK TVQG 
651 7 |2 Bộ TK TVQG  |a Việt Nam 
651 7 |2 Bộ TK TVQG  |a Nam Bộ 
653 |a Người Khmer 
655 7 |2 Bộ TK TVQG  |a Sách ảnh 
655 7 |2 Bộ TK TVQG  |a Sách song ngữ 
700 1 |a Đặng Thị Kim Oanh  |e b.s. 
700 1 |a Nguyễn Khắc Cảnh  |e b.s. 
700 1 |a Vũ Quốc Khánh  |e ch.b. 
700 1 |a Phạm Ngọc Tuân  |e b.s. 
700 1 |a Lê Thị Mỹ Dung  |e b.s. 
700 1 |a Phạm Đình An  |e dịch 
700 1 |a Johnson, Pete  |e h.đ. 
OWN |a LSP 
AVA |a UDN50  |b LSP  |d 305.895932 Ngư  |e available  |t Error 5001 Not defined in file expand_doc_bib_avail.  |f 1  |g 0  |h N  |i 0  |k 1 
999 |a From the UDN01 
AVA |a UDN50  |b LSP  |d 305.895932 Ngư  |e available  |t Error 5001 Not defined in file expand_doc_bib_avail.  |f 1  |g 0  |h N  |i 0  |k 1 
TYP |a Picture 
TYP |a Monograph 
TYP |a Visual Material 
980 |a Mạng thư viện Đại học Đà Nẵng